000
00341nam a2200145Ia 4500
008
191201s2006 xx 000 0 und d
082
_a
658.15
_b
PAI
100
_a
PATHAK, Bharati V
245
0
_a
Indian Financial System
250
_a
1st
260
_a
N.Delhi
_b
Pearson Education
_c
2006
300
_a
592
650
_a
MBA
942
_2
ddc
_c
BK
999
_c
2674
_d
2674